000 00769nam a2200253 a 4500
001 000032772
003 DO-SdBNP
005 20170927081033.0
007 000032772
008 110726s1964 ag 000 p spa d
040 _aBPMSU
_bspa
_cBPMSU
082 _aRD861.44
_bI37c
092 _a
100 1 _aIncháustegui Cabral, Héctor
_d1912-1979
245 1 0 _aPor Copacabana buscando :
_b(de rima pobre) /
_cHéctor Incháustegui Cabral.
_h
260 _aBuenos Aires :
_bTucumán,
_c1964.
300 _a91 p. ;
_c23 cm.
650 4 _aPOESÍA DOMINICANA
650 4 _aLITERATURA DOMINICANA
910 _aValidado. Control de calidad MFF
942 _2ddc
_cBK
945 _aTítulo remanejado para BNPHU / 2017 VM
956 _aVMATEO
_b10
_c20150703
_lBPMSU
_h00151
999 _c8042
_d8042